000 00682nam a2200241Ia 4500
999 _c10437
_d10437
001 42873826
003 OCoLC
005 20241126110732.0
008 991123s1999 wau 000 0 eng d
020 _a1576581462
040 _aTCA
_cTCA
082 _a266.0092
_bBEN
092 _aBIO ELLIO
100 1 _aBenge, Janet,
_d1958-
_917368
245 1 0 _aJim Elliot :
_bone great purpose /
_cJanet and Geoff Benge
260 _aSeattle, WA :
_bYWAM Pub.,
_cc1999
300 _a189 p. ;
_c21 cm
490 0 _aChristian heroes, then & now
504 _aIncludes bibliographical references
655 0 _aBiography
_95066
700 1 _aBenge, Geoff,
_d1954-
_917373
942 _2ddc
_cBK
_01